| 000 | 00490 a2200169 4500 | ||
|---|---|---|---|
| 003 | OSt | ||
| 005 | 20231222113446.0 | ||
| 008 | 231222b |||||||| |||| 00| 0 eng d | ||
| 020 | _a9789388684651 | ||
| 040 | _coclc | ||
| 082 |
_a891.43 _bPAC/T |
||
| 100 |
_aPachauri, Sidhish _910193 |
||
| 245 |
_aTEESARI PARAMPARA KI KHOJ / _cSudhish Pachauri |
||
| 260 |
_aNew Delhi: _bVani Prakashan, _c2019. |
||
| 300 | _a263p | ||
| 942 |
_2ddc _cBK _h891.43 _iPAC/T _k891.43 _mPAC/T |
||
| 999 |
_c43526 _d43526 |
||